Validación Técnica de un Prototipo de Cocina Multifuncional Trihornilla como alternativa de ahorro energético en el uso de carbón

La presente investigación se realizó con el objetivo de validar un producto innovador en el departamento de Estelí, en cuanto al comportamiento del consumidor en base a diseño, beneficios, eficiencia y costo; esta idea de proyecto surgió para dar respuesta a una de las principales problemática...

Full description

Bibliographic Details
Main Authors: Valdivia Rizo, Itza Massiel, Romero Herrera, Mirna Benicia, González Rizo, Reynaldo Antonio
Other Authors: Tutor: Pichardo Hernández., Claudio Benito
Format: Tesis Section = Libro
Language:Undetermined
Spanish
Published: Estelí UNI/RUACS 2018
Subjects:
LEADER 01406nam a2200277Ia 4500
008 240830s9999 xx 000 0 und d
040 |a BIBLIOTECA-RUPAP Mon 658.022 V146 
041 |a spa 
082 |a Mon 658.022 V146 
100 1 |a Valdivia Rizo, Itza Massiel 
100 1 |b  Romero Herrera, Mirna Benicia 
100 1 |c  González Rizo, Reynaldo Antonio 
245 1 0 |a Validación Técnica de un Prototipo de Cocina Multifuncional Trihornilla como alternativa de ahorro energético en el uso de carbón 
260 |a Estelí  |b UNI/RUACS  |c 2018 
300 |a 149 p. :il. 
500 |a Contiene: anexos y CD. 
502 |a Tesis (Ingeniero Industrial)- UNI, 2018. 
520 3 |a La presente investigación se realizó con el objetivo de validar un producto innovador en el departamento de Estelí, en cuanto al comportamiento del consumidor en base a diseño, beneficios, eficiencia y costo; esta idea de proyecto surgió para dar respuesta a una de las principales problemáticas que enfrentan la población en el ámbito laboral al momento de elaborar diversos platillos en diferentes negocios. 
650 7 |a PEQUEÑOS NEGOCIOS-ADMINISTRACION 
650 7 |b COCINAS INDUSTRIA Y COMERCIO 
650 7 |c  COCINAS INDUSTRIALES-ASPECTOS ECONOMICOS 
650 7 |d VENTAS DE COCINAS 
700 1 |a Tutor:  |b Pichardo Hernández., Claudio Benito 
942 |c BK  |2 ddc 
991 |a TESIS 
999 |c 16827